ՀՀ Գիտությունների ազգային ակադեմիայի հիմնարար գիտական գրադարան  =   Fundamental Scientific Library of NAS RA

Женский вопрос, его историческое развитие и его экономическая сторона / (Record no. 499088)

MARC details
000 -LEADER
fixed length control field 00884nam a2200217 u 4500
003 - CONTROL NUMBER IDENTIFIER
control field AM-YeHGA
040 ## - CATALOGING SOURCE
Original cataloging agency AM-YeHGA
090 ## - LOCALLY ASSIGNED LC-TYPE CALL NUMBER (OCLC); LOCAL CALL NUMBER (RLIN)
-- 502495
001 - CONTROL NUMBER
control field 000001963
005 - DATE AND TIME OF LATEST TRANSACTION
control field 20250617163007.0
008 - FIXED-LENGTH DATA ELEMENTS--GENERAL INFORMATION
fixed length control field 021108s1902 ai r 000 0 rus d
041 1# - LANGUAGE CODE
Language code of text/sound track or separate title rus
Language code of original ger
100 1# - MAIN ENTRY--PERSONAL NAME
Personal name Браун, Лили
245 10 - TITLE STATEMENT
Title Женский вопрос, его историческое развитие и его экономическая сторона /
Statement of responsibility, etc. Лили Браун ; Пер. с нем. А. Ачкасова, И. Кугеля.
260 ## - PUBLICATION, DISTRIBUTION, ETC.
Place of publication, distribution, etc. Москва :
Name of publisher, distributor, etc. Типо-литограф. "Русскаго Т-ва печатнаго и издат. дела",
Date of publication, distribution, etc. 1902.
300 ## - PHYSICAL DESCRIPTION
Extent 431 с.
650 14 - SUBJECT ADDED ENTRY--TOPICAL TERM
Topical term or geographic name entry element Женский вопрос
700 1# - ADDED ENTRY--PERSONAL NAME
Personal name Ачкасов, Алексей Николаевич
Relator term пер.
Relationship trl
700 1# - ADDED ENTRY--PERSONAL NAME
Personal name Кугель, И.Р.
Relator term пер.
Relationship trl
942 ## - ADDED ENTRY ELEMENTS (KOHA)
Source of classification or shelving scheme Universal Decimal Classification
Koha item type Գրքեր / Books
Holdings
Withdrawn status Lost status Source of classification or shelving scheme Damaged status Not for loan Collection Home library Current library Date acquired Total checkouts Full call number Barcode Date last seen Price effective from Koha item type Public note
    Universal Decimal Classification     General Fundamental Scientific Library Fundamental Scientific Library 27/09/2019   PII/17483 FL0601609 27/09/2019 27/09/2019 Գրքեր / Books 30 Days Loan


ՀՀ ԳԱԱ հիմնարար գիտական գրադարան
ՀՀ,Երևան 0019
Մարշալ Բաղրամյան 24/6
հեռախոս:(374-10) 52-47-50
Հետադարձ կապ

All site content, except where otherwise noted, is licensed under a
Creative Commons License